[Event "Norway Chess 5th"]
[Site "Stavanger"]
[Date "2017.06.08"]
[Round "3"]
[White "Karjakin, Sergey"]
[Black "Anand, Viswanathan"]
[Result "1/2-1/2"]
[WhiteElo "2781"]
[BlackElo "2786"]
[PlyCount "66"]
[EventDate "2017.06.06"]
[EventType "tourn"]
[EventRounds "9"]
[EventCountry "NOR"]
[EventCategory "22"]
[SourceTitle "CBM 179"]
[Source "ChessBase"]
[SourceDate "2017.07.12"]
[SourceVersion "1"]
[SourceVersionDate "2017.07.12"]
[SourceQuality "1"]

1. e4 e5 2. Nf3 Nc6 3. Bb5 Nf6 4. O-O Nxe4 5. Re1 Nd6 6. Nxe5 Be7 7. Bf1 Nxe5
8. Rxe5 O-O 9. d4 Bf6 10. Re1 Re8 11. Bf4 Rxe1 12. Qxe1 Ne8 13. Nc3 Bxd4 14.
Nd5 d6 15. Bg5 f6 16. Bh4 Bxb2 17. Rb1 Be5 18. f4 c6 19. fxe5 cxd5 20. exf6
Nxf6 21. Bd3 Bd7 22. h3 b5 23. Bxb5 Qe8 24. Qxe8+ Bxe8 25. Ba6 Bg6 26. Bxf6
gxf6 27. Bb7 Re8 28. Bxd5+ Bf7 29. Bxf7+ Kxf7 30. Rb7+ Kg6 31. Rxa7 Rc8 32. Rd7
Rxc2 33. Rxd6 Rxa2 1/2-1/2

[Event "Paris GCT Rapid"]
[Site "Paris"]
[Date "2017.06.22"]
[Round "4"]
[White "Karjakin, Sergey"]
[Black "Caruana, Fabiano"]
[Result "1/2-1/2"]
[WhiteElo "2781"]
[BlackElo "2808"]
[Annotator "Yermolinsky,A"]
[PlyCount "91"]
[EventDate "2017.06.21"]
[EventType "tourn (rapid)"]
[EventRounds "9"]
[EventCountry "FRA"]
[EventCategory "22"]
[SourceTitle "CBM 179"]
[Source "ChessBase"]
[SourceDate "2017.07.12"]
[SourceVersion "1"]
[SourceVersionDate "2017.07.12"]
[SourceQuality "1"]

1. e4 e6 2. d4 d5 3. Nd2 c5 4. exd5 Qxd5 5. Ngf3 cxd4 6. Bc4 Qd7 7. O-O Nf6 8.
Nb3 Nc6 9. Nbxd4 Nxd4 10. Nxd4 a6 11. Bg5 Qc7 12. Bd3 Bd6 13. h3 Be5 14. c3 h6
15. Bh4 Bd7 16. Re1 O-O-O 17. Qf3 Bxd4 18. cxd4 Bc6 19. Qe2 Rxd4 20. Bg3 Qa5
21. Rac1 $6 (21. Qe3 Qd5 22. Bf1 $44) 21... Qd5 22. Rxc6+ bxc6 23. Bxa6+ Kd7
24. Rc1 Ke7 25. Bb7 Ne4 26. Bxc6 Nxg3 27. fxg3 Qxa2 28. Qe5 Rhd8 29. Kh2 Kf8
30. Bf3 Qxb2 31. Rc7 {Karjakin had been reduced to playing for tricks ever
since he lost his d4-pawn..} Qb8 $2 (31... Qb4 {would put the end to it.}) 32.
Qc5+ Kg8 33. Qe7 Rf8 34. Bh5 {Suddenly, White's got something going.} Qd8 $2 {
Still, there was no reason to panic.} (34... Rd2 $1 35. Bxf7+ Kh8 36. Bg6 (36.
Bxe6 $2 Rxg2+ {and Black mates.}) 36... Rg8 37. Be4 Re2 $17) 35. Bxf7+ Kh8 36.
Qxd8 Rdxd8 37. Bxe6 $11 {Just like that, all his winning chances are gone.} Rf2
38. g4 g6 39. Rc5 Re2 40. Bf7 Kg7 41. Bd5 Rd7 42. Bf3 Rb2 43. Rc6 Rbd2 44. Kg3
R2d6 45. Rc8 g5 46. Ra8 1/2-1/2

[Event "Leuven GCT rapid"]
[Site "Leuven"]
[Date "2017.06.28"]
[Round "2"]
[White "Aronian, Levon"]
[Black "Jobava, Baadur"]
[Result "1-0"]
[WhiteElo "2780"]
[BlackElo "2703"]
[PlyCount "63"]
[EventDate "2017.06.28"]
[EventType "tourn (rapid)"]
[EventRounds "9"]
[EventCountry "BEL"]
[EventCategory "22"]
[SourceTitle "CBM 179"]
[Source "ChessBase"]
[SourceDate "2017.07.12"]
[SourceVersion "1"]
[SourceVersionDate "2017.07.12"]
[SourceQuality "1"]

1. d4 d5 2. c4 c6 3. Nf3 Nf6 4. Nc3 dxc4 5. a4 a5 6. e4 Bg4 7. Bxc4 e6 8. Be3
Bb4 9. Qd3 Nbd7 10. Nd2 Bh5 11. f4 O-O 12. h3 Re8 13. O-O Qc7 14. Rae1 Rad8 15.
Qc2 Nb6 16. Bb3 Nfd7 17. f5 e5 18. Kh1 exd4 19. Bxd4 Bc5 20. Be3 Bxe3 21. Rxe3
Ne5 22. g4 Bxg4 23. hxg4 Nxg4 24. Rh3 Nd7 25. Nf3 Ne3 26. Bxf7+ Kf8 27. Qf2
Nxf1 28. Bxe8 Rxe8 29. Qxf1 h6 30. Nd4 Qe5 31. Ne6+ Kg8 32. Qg2 1-0

[Event "MrDodgy Invitational 2"]
[Site "chess24.com INT"]
[Date "2021.05.14"]
[Round "2.7"]
[White "Giri, A."]
[Black "Grandelius, N."]
[Result "1-0"]
[WhiteElo "2780"]
[BlackElo "2670"]
[PlyCount "93"]
[EventDate "2021.05.12"]
[EventType "k.o. (blitz)"]
[EventRounds "4"]
[SourceTitle "The Week in Chess 1384"]
[Source "Mark Crowther"]
[SourceDate "2021.05.17"]
[SourceVersion "1"]
[SourceVersionDate "2021.05.17"]
[SourceQuality "2"]

1. d4 Nf6 2. c4 g6 3. Nc3 d5 4. cxd5 Nxd5 5. e4 Nxc3 6. bxc3 Bg7 7. Bc4 c5 8.
Ne2 Nc6 9. Be3 O-O 10. O-O Bg4 11. f3 Bd7 12. Rb1 Qc7 13. h4 Rad8 14. h5 cxd4
15. cxd4 Nxd4 16. Bxf7+ Rxf7 17. Nxd4 Bxd4 18. Qxd4 Bb5 19. Rfc1 Qxc1+ 20. Rxc1
Rxd4 21. Bxd4 gxh5 22. Bxa7 Bc6 23. Rc5 Rf8 24. Rxh5 Ra8 25. Bc5 Ra5 26. Rg5+
Kf7 27. Bxe7 Rxa2 28. Bb4 Rb2 29. Rg7+ Kxg7 30. Bc3+ Kg6 31. Bxb2 h5 32. g3 b5
33. Bc3 Bd7 34. Kf2 Bh3 35. Bb4 Kg5 36. Ke3 Bg2 37. Be7+ Kg6 38. f4 Kf7 39. Bb4
Kg6 40. f5+ Kg5 41. Be7+ Kh6 42. Kf4 Kg7 43. e5 Kf7 44. Bb4 Bh3 45. e6+ Kf6 46.
Bc3+ Ke7 47. Ke5 1-0

[Event "Tata Steel-A 75th"]
[Site "Wijk aan Zee"]
[Date "2013.01.27"]
[Round "13"]
[White "Karjakin, Sergey"]
[Black "Van Wely, Loek"]
[Result "1-0"]
[WhiteElo "2780"]
[BlackElo "2679"]
[Annotator "Szabo,Kr"]
[PlyCount "49"]
[EventDate "2013.01.12"]
[EventType "tourn"]
[EventRounds "13"]
[EventCountry "NED"]
[EventCategory "20"]
[SourceTitle "CBM 153"]
[Source "ChessBase"]
[SourceDate "2013.03.14"]
[SourceVersion "1"]
[SourceVersionDate "2013.03.14"]
[SourceQuality "1"]

1. e4 c5 2. Nf3 d6 3. d4 cxd4 4. Nxd4 Nf6 5. Nc3 g6 6. Be3 Bg7 7. f3 Nc6 8. Qd2
O-O 9. O-O-O d5 10. exd5 Nxd5 11. Nxc6 bxc6 12. Bd4 Bxd4 (12... e5 {is the
sharp main line.}) 13. Qxd4 Qb6 14. Na4 Qc7 (14... Qa5 {was the main line, but
the text has been gaining in popularity these days.}) 15. Bc4 Rd8 16. Nc5 $5 {
White wants to avoid Be6 followed by Nf4.} (16. Bb3 Be6 (16... Bf5 17. Nc5 {
- 16.Nc5} (17. g4 {unnecessarily weakens the vital f4-square.} Nf4 18. Qe3 Be6
19. h4 Bxb3 20. axb3 Ng2 21. Rxd8+ Rxd8 22. Qe4 Qf4+ 23. Qxf4 Nxf4 $11 {
Ivanchuk-Carlsen, Leon (m/1-rapid) 2009}) (17. g3 $5 Rd6 18. g4 $5 Nf6 ({
The natural} 18... Nf4 $6 {doesn't work in view of the tactical blow} 19. Bxf7+
$1 Kxf7 20. Qc4+) 19. Qe3 Be6 20. Rxd6 exd6 21. Bxe6 Re8 22. Bxf7+ Qxf7 23. Qb3
Nd5 $44 {Pommerel Brouwer-Romm, corr 2009})) 17. Nc5 Nf4 18. Nxe6 Nxe6 19. Qe3
Nf4 20. g3 Nd5 21. Qg5 e6 22. Rhe1 a5 23. a4 Rab8 24. Qe5 (24. h4 Kg7 25. h5 h6
26. Qe5+ Qxe5 27. Rxe5 Kf6 $11) 24... Qxe5 25. Rxe5 {Black's pawn structure is
slightly inferior, but the d5 knight is very strong.} Rb4 (25... Kg7 26. Re4
Rb4 27. Bxd5 exd5 28. Rxb4 axb4 29. Re1 Ra8 30. b3 $14) 26. Re4 Rdb8 27. Rdd4
Rxd4 {Exchanging one pair of rooks, the black king has a clear way to d6.} (
27... R4b6 $6 28. Rc4 $1 Kf8 29. Rc5 Ra8 30. Re5 $1 $14 {Leko-Van Wely, Wijk
aan Zee 2013}) 28. Rxd4 Kf8 29. Rc4 Ne7 (29... Rb6 $2 30. Rc5 Ra6 31. Bc4 $16)
30. Rc5 Ra8 31. c3 Ke8 32. Bc2 Kd7 33. Re5 Kd6 $11 {and Black can hold the
endgame.}) 16... Bf5 17. Bb3 h5 $2 {This only weakens Black's kingside.} (17...
Nb6 18. Qe3 (18. Qc3 h5 19. g3 e6 20. Rhe1 Nd5 $13 {A.Muzychuk-Cmilyte, Eilat
2012}) 18... Nd5 (18... h5) 19. Qh6 Qb6 20. Na4 {(Perez Mitjans-Delgado Ramos,
Barcelona 2011)} Qb4) (17... Nf4 {is the most active continuation.} 18. Qf2 (
18. Qc4 Be6 19. Nxe6 Nxe6 20. g3 Rd6 21. c3 a5 22. f4 Rad8 {=/+/=
Serban-Haugen, ICCF 2009}) 18... Rxd1+ 19. Rxd1 Rd8 20. Re1 (20. Rxd8+ Qxd8 21.
g3 Qd4 $1 22. Qxd4 Ne2+ 23. Kd2 Nxd4 $11 {Dothan-Lecroq, ICCF 2011}) 20... h5
21. g3 Nd5 22. a3 Qb6 23. Bc4 {1/2 Scherer-Ham, ICCF 2010}) 18. g4 $1 {Sergey
immediately exploits the weakness of the kingside.} (18. Rhe1 {allows the
simplifications after} Nb6 19. Qe3 Rxd1+ 20. Rxd1 Qxh2 21. Qxe7 Nd5 $132 {
A.Muzychuk-Cmilyte, Ankara 2012}) 18... e5 19. Qg1 $1 Nf4 {Black's hopes were
founded on the excellent knight on f4.} 20. Re1 $1 (20. Kb1 {leads to
unnecessary exchange of rooks.} Rxd1+ 21. Qxd1 Rd8 22. Qg1 hxg4 23. fxg4 Bc8
$13) 20... hxg4 21. fxg4 Bc8 {Now the a8-rook is completely out of play.} 22.
Qg3 $1 (22. h4 {It is difficult to open lines against the black king:} Qe7 23.
h5 g5) 22... a5 $2 (22... Rb8 23. Rhf1 $16 (23. Qh4 $6 Rxb3 $1 {Black
eliminates the dangerous bishop.} 24. cxb3 Ng2)) 23. Qh4 $1 {Now Black
founders on the weakness of the dark squares.} a4 $2 {This loses outright, but
it is hard to give good advice.} (23... Ng2 $2 24. Bxf7+ $1 $18) (23... Kg7 24.
Ne4 (24. Bxf7 $143 Rh8 $1) 24... Bxg4 (24... Nd5 25. Rhf1 Rh8 26. Qg5 a4 27.
Rxf7+ $1 Qxf7 (27... Kxf7 28. Qf6+ $18) 28. Qxe5+ Kg8 29. Nf6+ $18) 25. Qf6+
Kg8 26. Rhf1 $1 a4 27. Bc4 $18) 24. Bxf7+ $1 Kg7 25. Ne4 1-0

[Event "Tilburg"]
[Site "Tilburg"]
[Date "1994.??.??"]
[Round "5"]
[White "Karpov, Anatoly"]
[Black "Georgiev, Kiril"]
[Result "1-0"]
[WhiteElo "2780"]
[BlackElo "2615"]
[Annotator "Donev,I"]
[PlyCount "67"]
[EventDate "1994.09.??"]
[EventType "k.o."]
[EventRounds "7"]
[EventCountry "NED"]
[SourceTitle "CBM 044"]
[Source "ChessBase"]
[SourceDate "1995.02.01"]
[SourceVersion "1"]
[SourceVersionDate "1995.02.01"]
[SourceQuality "1"]

1. d4 {Ftacnik} Nf6 2. c4 e6 3. Nf3 d5 4. Nc3 Be7 5. Bg5 h6 6. Bh4 O-O 7. e3 b6
8. Be2 Bb7 9. Bxf6 Bxf6 10. cxd5 exd5 11. b4 c6 {Schwarz vermeidet die
Vereinfachung des Spiel nach 11...c5 und strebt ein kompliziertes Mittelspiel
an, in dem er hinter der Mauer d5-c6-b6 günstig umgruppieren kann.} 12. O-O Qd6
13. Qb3 Nd7 {Weiß hat hauptsächlich zwei Pläne: 1.Spiel im Zentrum.
Vorbereitung und Durchsetzen des Durchbruchs im Zentrum mit e3-e4, wobei nach
dem Abtausch de4 der d4-Bauer schwach wird (besonders beim Türmeabtausch!!).
Vorteile für} 14. Rfe1 {Jetzt ist klar, daß Karpov den Vorstoß im Zentrum
vorbereitet.} Be7 (14... a5 15. bxa5 Rxa5 16. a4 Bd8 17. Bf1 Nf6 18. g3 Bc7 $10
) 15. Rab1 a5 {Schwarz versucht, am Damenflügel Gegenspiel zu bekommen.} 16.
bxa5 (16. b5 c5 $1 $10) (16. a3 axb4 17. axb4) 16... Rxa5 17. a4 (17. e4 Ra3
18. Qc2 dxe4 19. Nxe4 Qf4 $10) 17... Re8 18. Bf1 (18. e4 {Ftacnik} dxe4 19.
Nxe4 (19. Bc4 $6 exf3 20. Bxf7+ Kf8 21. Bxe8 Kxe8 22. Qg8+ Nf8 $17) 19... Qg6
$13) 18... Bf8 (18... Ba6 {Ftacnik}) 19. Qc2 (19. e4 {Ftacnik} dxe4 20. Nxe4
Qf4 (20... Qg6 $2 21. Nh4 Qh5 (21... Qg4 22. g3 Rxe4 23. f3 Rxe1 24. fxg4 Rxb1
25. Qxb1 Rxa4 26. Nf3 $16) 22. Ng3 Qxh4 23. Rxe8 $16) 21. Nf6+ (21. Bd3 $13)
21... Nxf6 22. Rxe8 Nxe8 23. Qxb6 Rxa4 24. Qxb7 Qc7 $10) 19... g6 20. e4 dxe4
21. Nxe4 Qf4 22. Bc4 $1 Bg7 (22... c5 $2 {Ftacnik} 23. Ng3 Rxe1+ 24. Rxe1 Bxf3
25. Qxg6+ Kh8 26. Bxf7 Qg5 27. gxf3 cxd4 28. Re8 $16) 23. Re2 (23. Ng3 {Ftacnik
} Rxe1+ 24. Rxe1 b5 $1 $132) 23... c5 (23... Rea8 24. Bb3 Nf6 25. Ne5 $1 $16) (
23... b5 {Ftacnik} 24. Bb3 $14) 24. d5 Raa8 (24... Rea8 $5 25. Bb3 Ne5 26. Nxe5
Bxe5 $132) 25. Rbe1 $16 Rad8 (25... Ne5 {Ftacnik} 26. Nxe5 Rxe5 27. Qb3 Rae8
28. f3 $1 $16) 26. Qb3 {/\a5} Ba8 27. g3 Qb8 (27... Qg4 28. h3 $1 Qh5 (28...
Qxh3 $2 29. Neg5 $1 $18 {mit Doppelangriff /\Re8 oder Nh3.}) 29. Kg2 $16) 28.
d6 {Räumt die Diagonale a2-g8.} Rf8 {[#]} (28... Rxe4 29. Bxf7+ Kh7 30. Rxe4
Bxe4 31. Rxe4 Nf6 (31... Nf8 $142 32. Ne5 $16 (32. h4 $16 {Ftacnik})) 32. Bxg6+
$3 Kxg6 (32... Kh8 33. Ne5 $18 (33. Ne5 Nxe4 34. Nf7+ Kg8 35. Nxh6+ Kh8 36.
Qg8+ Rxg8 37. Nf7#)) 33. Re7 Kh7 (33... Ne8 34. Qc2+ (34. Qd3+ Kf6 35. Qc3+ Kg6
36. Nh4+ Kh7 37. Nf5 $18) 34... Kf6 35. Qc4 Kg6 36. Qe4+ $18) 34. Qd3+ Kg8 (
34... Kh8 35. Qg6 Rg8 36. Ne5 $18) 35. Qg6 Ne8 36. d7 $18) 29. Bxf7+ $3 $18
Rxf7 30. Neg5 hxg5 31. Nxg5 Rdf8 (31... Qxd6 32. Qxf7+ Kh8 33. Re7 Rg8 34. Rxd7
Qc6 35. Qxg7+ $1 Rxg7 36. Re8+ Rg8 37. Rh7#) 32. Re8 $1 (32. Nxf7 {Ftacnik} Nf6
$13) 32... Qxd6 (32... Rxe8 {Ftacnik} 33. Qxf7+ Kh8 34. Rxe8+ $18) (32... c4 {
Ftacnik} 33. Qxc4 Ne5 34. R1xe5 Qb7 35. Qxf7+ Qxf7 36. Nxf7 Bxe5 37. Rxf8+ Kxf8
38. Nxe5 $18) (32... Qb7 {Ftacnik} 33. Qxf7+ Kh8 34. Rxa8 Qxa8 35. Qxg6 Nf6 36.
Re7 $18) 33. Qxf7+ Kh8 34. Ne6 1-0

[Event "Amber-blindfold 04th"]
[Site "Monte Carlo"]
[Date "1995.??.??"]
[Round "11"]
[White "Karpov, Anatoly"]
[Black "Shirov, Alexei"]
[Result "1-0"]
[WhiteElo "2780"]
[BlackElo "2710"]
[PlyCount "87"]
[EventDate "1995.03.??"]
[EventType "tourn (rapid)"]
[EventRounds "11"]
[EventCountry "MNC"]
[EventCategory "18"]
[SourceTitle "CBM 046 Extra"]
[Source "ChessBase"]
[SourceDate "1995.07.01"]
[SourceVersion "1"]
[SourceVersionDate "1995.07.01"]
[SourceQuality "1"]

1. d4 d5 2. c4 c6 3. Nf3 Nf6 4. e3 e6 5. Nbd2 Nbd7 6. Bd3 Bd6 7. O-O O-O 8. e4
e5 9. cxd5 cxd5 10. exd5 exd4 11. Ne4 Nxe4 12. Bxe4 Nc5 13. Bc2 Bg4 14. Qxd4
Bxf3 15. gxf3 Re8 16. Be3 Re5 17. Qg4 Nd7 18. f4 Nf6 19. Qf3 Rxd5 20. Bb3 Rf5
21. Qxb7 Bxf4 22. Bxf7+ Kh8 23. Rad1 Qf8 24. Be6 Rb8 25. Qxa7 Rg5+ 26. Kh1 Ne4
27. Qf7 Qxf7 28. Bxf7 Bxe3 29. fxe3 h5 30. b3 Nc3 31. Rd2 Re5 32. a4 Rxe3 33.
a5 Ne4 34. Ra2 Nd6 35. Bxh5 Rexb3 36. a6 Ra8 37. Bg6 Rb6 38. a7 Kg8 39. Rfa1
Kf8 40. Bh5 Ke7 41. Bf3 Nb7 42. Rg2 g6 43. Be4 Kf7 44. Rc2 1-0

[Event "Morelia/Linares 25th"]
[Site "Morelia/Linares"]
[Date "2008.02.15"]
[Round "1"]
[White "Topalov, Veselin"]
[Black "Aronian, Levon"]
[Result "1-0"]
[WhiteElo "2780"]
[BlackElo "2739"]
[Annotator "Krasenkow,M"]
[PlyCount "73"]
[EventDate "2008.02.15"]
[EventType "tourn"]
[EventRounds "14"]
[EventCountry "ESP"]
[EventCategory "21"]
[SourceTitle "CBM 123"]
[Source "ChessBase"]
[SourceDate "2008.04.02"]
[SourceVersion "1"]
[SourceVersionDate "2008.04.02"]
[SourceQuality "1"]

1. d4 Nf6 2. c4 e6 3. Nc3 Bb4 4. Nf3 c5 5. g3 cxd4 6. Nxd4 Ne4 7. Qd3 Bxc3+ 8.
bxc3 Nc5 9. Qf3 d6 10. Bg2 {This system was examined in several CBM issues:
108 (several games annotated by GM V.Gavrikov), 115 (Bareev-Nyback), 116 
(Chuchelov-Babula).} e5 ({To} 10... Nbd7 {(previously considered the most
appropriate) White has recently achieved good results by means of} 11. Qg4 {
, e.g.} O-O (11... Qf6 12. Nb5 O-O 13. Bg5 Qg6 14. Qh4 f6 15. Be3 Qc2 16. O-O
Qxe2 17. Rfe1 Qc2 18. Qd4 $16 {1-0 Le Quang Liem-Smirnov,P/Moscow RUS 2008/The
Week in Chess 693 (24)}) 12. Bh6 Qf6 13. Bg5 Qg6 14. Qh4 Nf6 (14... f6 15. Be3
a6 16. O-O Qf7 17. Nb3 Qe7 18. Qd4 Na4 19. Rfd1 Ne5 20. Rab1 Re8 21. Na5 Qc7
22. Nxb7 $16 {1-0 L'Ami,E-Sher,M/Cappelle La Grande FRA 2008/The Week in Chess
694 (53)}) (14... a6 15. O-O Nf6 16. Bxf6 Qxf6 17. Qxf6 gxf6 18. Nb3 Rd8 19.
Nxc5 dxc5 20. Rfd1 Rd7 21. Rxd7 Bxd7 22. Bxb7 Ra7 23. Rb1 $16 {1-0 L'Ami,
E-Gofshtein,L/Hoogeveen 2007/CBM 120 ext (64)}) 15. Nb3 (15. Bxf6 gxf6 16. Rd1
Bd7 17. O-O Ba4 18. Rb1 Rac8 19. Nb3 b6 20. Rfd1 e5 21. Rb2 Rfd8 22. Bd5 Bc6
23. Nxc5 Bxd5 24. cxd5 Rxc5 $11 {1/2-1/2 Moiseenko,A-Kveinys,A/Cappelle La
Grande FRA 2008/The Week in Chess 693 (29)}) (15. O-O Bd7 16. Nb3 Rac8 17. Rfd1
Bc6 18. Bxf6 Qxf6 19. Qxf6 gxf6 20. Nxc5 dxc5 21. Rd6 Rfd8 22. Rad1 Rxd6 23.
Rxd6 Kf8 {1/2-1/2 Nielsen,P-Gyimesi,Z/Crete 2007/CBM 121 (39)}) 15... Nce4 16.
Bxf6 Nxf6 17. Qd4 e5 (17... Rd8 $5) 18. Qxd6 Bg4 19. Rd1 Rae8 20. Bxb7 Qh5 21.
h3 e4 22. Nd4 $16 {1-0 Delchev,A-Kveinys,A/Crete 2007/CBM 121 (63)}) 11. Qe3 $5
$146 {After provoking ...e6-e5 White starts regrouping his pieces to make use
of the hole on d5. Earlier practice had seen:} (11. Nb3 Nba6 12. Ba3 Qc7 13.
Rd1 (13. Bxc5 Nxc5 14. Nxc5 Qxc5 15. Qd5 Qxd5 16. Bxd5 Rb8 17. Kd2 Be6 $11 {
1/2-1/2 Furman,B-Greet,A/Hastings 2007/CBM 116 ext (48)}) 13... Be6 14. Nxc5 (
14. Bxc5 Nxc5 15. Nxc5 dxc5 (15... Qxc5 $142 $1) 16. O-O Rb8 17. Qh5 O-O 18.
Bd5 Rfe8 19. Bxe6 Rxe6 20. Rd5 Re7 21. Rfd1 Rbe8 22. Qg5 b6 23. Rd6 $14 {
1-0 Aronian,L-Nielsen,P/Turin 2006/CBM 113 (66)}) 14... Nxc5 15. Bxc5 Qxc5 16.
Qxb7 Rc8 17. O-O (17. Bd5 Bxd5 18. Qxd5 Qxc4 19. Qxd6 Qxc3+ 20. Kf1 Qc7 21. Kg2
Qxd6 22. Rxd6 Ke7 23. Ra6 Rc7 $11 {1/2-1/2 Moiseenko,A-Gyimesi,Z/
Maalot-Tarshiha ISR 2008/The Week in Chess 688 (33)}) 17... Qxc4 18. Rxd6 O-O
19. Qxa7 Qxe2 20. a4 Rxc3 21. a5 Bc4 22. Ra1 Ra3 23. Rdd1 Rxa1 24. Rxa1 Qb2 25.
Rd1 Be2 26. Re1 Qd2 27. Rb1 Bd3 $132 {1/2-1/2 Wang Yue-Meier,G/Yerevan 2006/
CBM 114 ext (36)}) (11. Nf5 $5 Qf6 12. Ne3 Qxf3 13. Bxf3 (13. exf3 Nba6 14. Ba3
Be6 15. O-O-O O-O-O 16. f4 exf4 17. gxf4 f5 18. h4 Rhe8 19. h5 Kc7 $13 {
1/2-1/2 Ivanchuk,V-Asrian,K/Sochi 2007/CBM 118 (62)}) 13... Be6 14. Ba3 Nba6
15. O-O-O Ke7 16. Bg2 Rad8 17. f4 f6 18. Rhf1 b6 19. g4 Nc7 20. h4 g6 21. Kc2
Rhf8 22. Bc6 f5 23. fxe5 dxe5 24. Rxd8 Kxd8 25. gxf5 gxf5 26. Bxc5 bxc5 27. Be4
$14 {1-0 Kramnik,V-Anand,V/Monte Carlo 2007/CBM 117 ext (29)}) 11... O-O (11...
Nba6 $6 {was a later attempt at an improvement, which was brilliantly refuted:}
12. f4 $1 Qe7 (12... O-O 13. fxe5 dxe5 14. Nb3 $16) 13. Nc6 $1 Qd7 14. Nb4 O-O
15. Nxa6 Nxa6 16. fxe5 Re8 17. O-O Rxe5 18. Qd4 Nc5 19. Bd5 Ne6 20. Qf2 Qe7 21.
Rb1 $16 Nd8 22. Bf4 Rxe2 23. Bxd6 Qe8 24. Qxe2 Qxe2 25. Rfe1 Qxe1+ 26. Rxe1 Be6
27. c5 {1-0 Gajewski,G-Macieja,B/Lublin POL 2008/The Week in Chess 694 (41)})
12. Nb3 Qc7 (12... Nba6 13. Ba3 Qc7 14. Nxc5 Nxc5 15. Bxc5 dxc5 {and White
gets a favorable structure as in Aronian-Nielsen (see above)} ({or} 15... Qxc5
16. Qxc5 dxc5 17. O-O-O)) {However, the text move leads to an even better
situation for White as his bishop pair proves really strong.} 13. Nxc5 dxc5 14.
O-O Nd7 15. f4 $5 {Making space for the bishops!} exf4 $6 (15... Re8 $142 16.
f5 $5 (16. Bd5 $5 Nf6 17. f5)) 16. Rxf4 {Despite his destroyed pawn structure,
White has a clear advantage. In fact, it is difficult for Black to develop his
pieces without losses!} a5 ({It was relatively better for Black to give up a
pawn but complete his development:} 16... Nb6 17. Ba3 Be6 18. Qxc5 Rfc8 19.
Qxc7 Rxc7 20. Bd6 Rxc4 21. Bxb7 Rd8 $16) 17. Qe7 (17. Ba3 $5 Ra6 18. Bd5) 17...
Qe5 18. Qxe5 Nxe5 19. Be3 Nd7 (19... Be6 {hardly helps now:} 20. Bxc5 Rfd8 21.
Rd4 $5) 20. Re4 (20. Rd1 $5 {was perhaps more accurate. If} Re8 {then} 21. Re4
Kf8 22. Rd5 {etc.}) 20... Ra6 (20... Nf6 $1 21. Re7 Be6 $16 {was the last
chance of consolidation.}) 21. Rb1 Rg6 22. Re7 b6 23. Bf4 h5 24. Be4 Re6 25.
Rxe6 fxe6 26. Bd6 Rf6 27. Rd1 {Total domination!} Kf7 28. Bf4 Kg8 29. Bc7 Rf7
$6 {Loses material.} (29... e5 $142) 30. Bg6 {The rest is clear.} a4 31. Bxh5
Nf6 32. Bxf7+ Kxf7 33. Bxb6 Ba6 34. Bxc5 e5 35. a3 Bxc4 36. Bb4 e4 37. Kf1 1-0

[Event "PRO League All Stars St1"]
[Site "chess.com INT"]
[Date "2018.09.08"]
[Round "7"]
[White "Vachier Lagrave, M."]
[Black "Iturrizaga, E."]
[Result "1-0"]
[WhiteElo "2780"]
[BlackElo "2636"]
[PlyCount "47"]
[EventDate "2018.09.08"]
[EventType "team (blitz)"]
[EventRounds "12"]
[EventCountry "USA"]
[SourceTitle "The Week in Chess 1245"]
[Source "Mark Crowther"]
[SourceDate "2018.09.17"]
[SourceVersion "2"]
[SourceVersionDate "2019.08.03"]
[SourceQuality "2"]
[WhiteTeam "Central"]
[BlackTeam "Atlantic"]

1. e4 c5 2. Nf3 g6 3. c3 Nf6 4. e5 Nd5 5. Na3 Bg7 6. Bc4 Nb6 7. Bb3 O-O 8. O-O
Nc6 9. Re1 d6 10. exd6 exd6 11. d4 cxd4 12. Nxd4 Nxd4 13. cxd4 Bf5 14. Bf4 Rc8
15. Nb5 Nc4 16. Nxa7 Nxb2 17. Qd2 Nc4 18. Qb4 Ra8 19. Bxc4 Rxa7 20. Bxd6 Bxd4
21. Bxf8 Bxa1 22. Bc5 b6 23. Bxb6 Rb7 24. Bxf7+ 1-0

[Event "MrDodgy Invitational 2"]
[Site "chess24.com INT"]
[Date "2021.05.16"]
[Round "4.9"]
[White "Giri, A."]
[Black "Jobava, Ba"]
[Result "1/2-1/2"]
[WhiteElo "2780"]
[BlackElo "2603"]
[PlyCount "158"]
[EventDate "2021.05.12"]
[EventType "k.o. (blitz)"]
[EventRounds "4"]
[SourceTitle "The Week in Chess 1384"]
[Source "Mark Crowther"]
[SourceDate "2021.05.17"]
[SourceVersion "1"]
[SourceVersionDate "2021.05.17"]
[SourceQuality "2"]

1. e4 c5 2. Nf3 e6 3. d4 cxd4 4. Nxd4 Nf6 5. Nc3 Bb4 6. e5 Nd5 7. Bd2 Bxc3 8.
bxc3 O-O 9. c4 Ne7 10. Nb5 Nbc6 11. Bc3 a6 12. Nd6 Nxe5 13. h4 f6 14. h5 Nf7
15. h6 Nxh6 16. Bd3 Ng6 17. c5 Qc7 18. Rxh6 gxh6 19. Qh5 b6 20. Bxg6 Qxc5 21.
Qxh6 Qxc3+ 22. Ke2 Qe5+ 23. Ne4 Rf7 24. Bxf7+ Kxf7 25. Qxh7+ Ke8 26. Qh8+ Ke7
27. Qg7+ Kd8 28. Qxf6+ Qxf6 29. Nxf6 Ke7 30. Ng4 Bb7 31. f3 Rc8 32. Kd2 Rc4 33.
Rh1 Kd6 34. Kc1 Ra4 35. Kb2 Rd4 36. Kc3 Ra4 37. Kb2 b5 38. a3 b4 39. Rd1+ Bd5
40. axb4 Rxb4+ 41. Ka3 Rc4 42. Kb2 Rb4+ 43. Ka3 Rc4 44. Kb2 Kc5 45. Ne3 Rb4+
46. Kc3 Bc6 47. Ng4 Rc4+ 48. Kb2 d6 49. Ra1 Ra4 50. Rxa4 Bxa4 51. Nf6 Bc6 52.
g3 Bxf3 53. g4 Kd4 54. Ne8 Ke5 55. g5 Be4 56. c4 Bg6 57. Nc7 a5 58. Kb3 Bf5 59.
Ka4 Kd4 60. g6 Bxg6 61. Nxe6+ Kxc4 62. Kxa5 Bf5 63. Nf4 Kd4 64. Kb6 Ke5 65. Kc7
Be4 66. Kd7 Bf5+ 67. Kc7 Bh7 68. Kc6 Be4+ 69. Kc7 Bf5 70. Kc6 Bc2 71. Kc7 Ba4
72. Nd3+ Kd5 73. Nb4+ Kc5 74. Nd3+ Kd5 75. Nf4+ Ke5 76. Nd3+ Ke6 77. Nf4+ Ke7
78. Nd5+ Ke6 79. Nf4+ Ke5 1/2-1/2